European golden boot 2021/2022 - Statistics

General Stats
  • This quiz has been taken 30 times
  • The average score is 9 of 16
Answer Stats
Hint Answer % Correct
Psg Kylian Mbappe
100%
Real Madrid Karim Benzema
96%
Liverpool Mohamed Salah
96%
Bayern Munich Robert lewandowski
96%
Tottenham Son Heung-Min
96%
Dortmund Erling Haaland
78%
Juventus Dusan Vlahovic
59%
Rb Leipzig Christopher Nkunku
56%
Internazionale Lautaro Martinez
52%
Monaco Wissam Ben Yedder
52%
Bayer Leverkussen Patrick Schick
44%
Fc Köln Anthony Modeste
33%
Lyon Moussa Dembele
30%
Stade Rennes Martin Terrier
15%
Hajduk Split Marko Livaja
4%
Red star Belgrade/Molde Ohi omoijuanfo
0%
No matching quizzes found
Score Distribution
Percent of People with Each Score
Percentile by Number Answered
Your Score History
You have not taken this quiz